|
|
|
|
| LEADER |
01249nam a22002777a 4500 |
| 001 |
32741 |
| 003 |
BD-DhAAL |
| 005 |
20211108150336.0 |
| 008 |
180214r20172009ii a|||| |||| 001 0 eng d |
| 999 |
|
|
|c 39109
|d 39109
|
| 020 |
|
|
|a 9789352136278
|
| 040 |
|
|
|a BD-DhAAL
|
| 082 |
|
|
|a 005.133
|2 22
|
| 100 |
|
|
|a Severance, Charles R
|9 24980
|
| 245 |
|
|
|a Python for everybody :
|b exploring data using Python 3 /
|c Charles R Severance
|
| 260 |
|
|
|a New Delhi :
|b Shroff Publishers & Distributors PVT. LTD.,
|c c2009 [reprinted 2017].
|
| 300 |
|
|
|a xii, 231 pages :
|b illustrations ;
|c 23 cm.
|
| 500 |
|
|
|a Includes index.
|
| 526 |
|
|
|a AAL
|
| 541 |
|
|
|a STS International
|e 32741, 32742
|
| 650 |
|
|
|a Python (Computer program language).
|9 24981
|
| 650 |
|
|
|a Computer science.
|9 42410
|
| 852 |
|
|
|a Ayesha Abed Library
|c General Stacks
|
| 942 |
|
|
|2 ddc
|c BK
|
| 952 |
|
|
|0 0
|1 0
|2 ddc
|4 0
|6 005_133000000000000_SEV
|7 0
|9 62722
|a BRACUL
|b BRACUL
|c GEN
|d 2018-02-12
|e STS International
|g 900.00
|l 14
|m 211
|o 005.133 SEV
|p 3010032741
|r 2025-12-18
|s 2025-12-15
|t 1
|v 900.00
|w 2018-02-12
|y BK
|
| 952 |
|
|
|0 0
|1 0
|2 ddc
|4 0
|6 005_133000000000000_SEV
|7 0
|9 62723
|a BRACUL
|b BRACUL
|c GEN
|d 2018-02-12
|e STS International
|g 900.00
|l 18
|m 135
|o 005.133 SEV
|p 3010032742
|r 2024-06-30
|s 2024-02-05
|t 2
|v 900.00
|w 2018-02-12
|y BK
|